<?xml version="1.0" encoding="UTF-8"?>
<record
    xmlns:xsi="http://www.w3.org/2001/XMLSchema-instance"
    xsi:schemaLocation="http://www.loc.gov/MARC21/slim http://www.loc.gov/standards/marcxml/schema/MARC21slim.xsd"
    xmlns="http://www.loc.gov/MARC21/slim">

  <leader>00205nam a2200085Ia 4500</leader>
  <controlfield tag="008">180219s9999    xx            000 0 und d</controlfield>
  <datafield tag="100" ind1=" " ind2=" ">
    <subfield code="a">Singh S K</subfield>
  </datafield>
  <datafield tag="245" ind1=" " ind2="0">
    <subfield code="a">Electro Mechanical Energy Conversion Machine</subfield>
  </datafield>
  <datafield tag="260" ind1=" " ind2=" ">
    <subfield code="c">2013</subfield>
  </datafield>
  <datafield tag="300" ind1=" " ind2=" ">
    <subfield code="a">0</subfield>
  </datafield>
  <datafield tag="999" ind1=" " ind2=" ">
    <subfield code="c">43591</subfield>
    <subfield code="d">43591</subfield>
  </datafield>
  <datafield tag="952" ind1=" " ind2=" ">
    <subfield code="0">0</subfield>
    <subfield code="1">0</subfield>
    <subfield code="2">ddc</subfield>
    <subfield code="4">0</subfield>
    <subfield code="7">0</subfield>
    <subfield code="a">10</subfield>
    <subfield code="b">10</subfield>
    <subfield code="d">2018-03-06</subfield>
    <subfield code="l">0</subfield>
    <subfield code="p">10-B-5718</subfield>
    <subfield code="y">02</subfield>
  </datafield>
  <datafield tag="952" ind1=" " ind2=" ">
    <subfield code="0">0</subfield>
    <subfield code="1">0</subfield>
    <subfield code="2">ddc</subfield>
    <subfield code="4">0</subfield>
    <subfield code="7">0</subfield>
    <subfield code="a">10</subfield>
    <subfield code="b">10</subfield>
    <subfield code="d">2018-03-06</subfield>
    <subfield code="l">1</subfield>
    <subfield code="p">10-B-5719</subfield>
    <subfield code="r">2018-12-18</subfield>
    <subfield code="s">2018-09-01</subfield>
    <subfield code="y">02</subfield>
  </datafield>
  <datafield tag="952" ind1=" " ind2=" ">
    <subfield code="0">0</subfield>
    <subfield code="1">0</subfield>
    <subfield code="2">ddc</subfield>
    <subfield code="4">0</subfield>
    <subfield code="7">0</subfield>
    <subfield code="a">10</subfield>
    <subfield code="b">10</subfield>
    <subfield code="d">2018-03-06</subfield>
    <subfield code="l">2</subfield>
    <subfield code="p">10-B-5720</subfield>
    <subfield code="r">2023-03-03</subfield>
    <subfield code="s">2022-10-11</subfield>
    <subfield code="y">02</subfield>
  </datafield>
  <datafield tag="952" ind1=" " ind2=" ">
    <subfield code="0">0</subfield>
    <subfield code="1">0</subfield>
    <subfield code="2">ddc</subfield>
    <subfield code="4">0</subfield>
    <subfield code="7">0</subfield>
    <subfield code="a">10</subfield>
    <subfield code="b">10</subfield>
    <subfield code="d">2018-03-06</subfield>
    <subfield code="l">4</subfield>
    <subfield code="p">10-B-5721</subfield>
    <subfield code="r">2023-02-24</subfield>
    <subfield code="s">2022-10-12</subfield>
    <subfield code="y">02</subfield>
  </datafield>
  <datafield tag="952" ind1=" " ind2=" ">
    <subfield code="0">0</subfield>
    <subfield code="1">0</subfield>
    <subfield code="2">ddc</subfield>
    <subfield code="4">0</subfield>
    <subfield code="7">0</subfield>
    <subfield code="a">10</subfield>
    <subfield code="b">10</subfield>
    <subfield code="d">2018-03-06</subfield>
    <subfield code="l">4</subfield>
    <subfield code="p">10-B-5722</subfield>
    <subfield code="r">2024-02-20</subfield>
    <subfield code="s">2023-09-19</subfield>
    <subfield code="y">02</subfield>
  </datafield>
  <datafield tag="952" ind1=" " ind2=" ">
    <subfield code="0">0</subfield>
    <subfield code="1">0</subfield>
    <subfield code="2">ddc</subfield>
    <subfield code="4">0</subfield>
    <subfield code="7">0</subfield>
    <subfield code="a">10</subfield>
    <subfield code="b">10</subfield>
    <subfield code="d">2018-03-06</subfield>
    <subfield code="l">7</subfield>
    <subfield code="p">10-B-5723</subfield>
    <subfield code="r">2023-02-27</subfield>
    <subfield code="s">2022-09-29</subfield>
    <subfield code="y">02</subfield>
  </datafield>
  <datafield tag="952" ind1=" " ind2=" ">
    <subfield code="0">0</subfield>
    <subfield code="1">0</subfield>
    <subfield code="2">ddc</subfield>
    <subfield code="4">0</subfield>
    <subfield code="7">0</subfield>
    <subfield code="a">10</subfield>
    <subfield code="b">10</subfield>
    <subfield code="d">2018-03-06</subfield>
    <subfield code="l">5</subfield>
    <subfield code="p">10-B-5724</subfield>
    <subfield code="r">2024-03-04</subfield>
    <subfield code="s">2023-10-05</subfield>
    <subfield code="y">02</subfield>
  </datafield>
  <datafield tag="952" ind1=" " ind2=" ">
    <subfield code="0">0</subfield>
    <subfield code="1">0</subfield>
    <subfield code="2">ddc</subfield>
    <subfield code="4">0</subfield>
    <subfield code="7">0</subfield>
    <subfield code="a">10</subfield>
    <subfield code="b">10</subfield>
    <subfield code="d">2018-03-06</subfield>
    <subfield code="l">1</subfield>
    <subfield code="p">10-B-5725</subfield>
    <subfield code="r">2018-12-18</subfield>
    <subfield code="s">2018-08-30</subfield>
    <subfield code="y">02</subfield>
  </datafield>
  <datafield tag="952" ind1=" " ind2=" ">
    <subfield code="0">0</subfield>
    <subfield code="1">0</subfield>
    <subfield code="2">ddc</subfield>
    <subfield code="4">0</subfield>
    <subfield code="7">0</subfield>
    <subfield code="a">10</subfield>
    <subfield code="b">10</subfield>
    <subfield code="d">2018-03-06</subfield>
    <subfield code="l">5</subfield>
    <subfield code="p">10-B-5726</subfield>
    <subfield code="r">2024-10-03</subfield>
    <subfield code="s">2023-09-19</subfield>
    <subfield code="y">02</subfield>
  </datafield>
  <datafield tag="952" ind1=" " ind2=" ">
    <subfield code="0">0</subfield>
    <subfield code="1">0</subfield>
    <subfield code="2">ddc</subfield>
    <subfield code="4">0</subfield>
    <subfield code="7">0</subfield>
    <subfield code="a">10</subfield>
    <subfield code="b">10</subfield>
    <subfield code="d">2018-03-06</subfield>
    <subfield code="l">2</subfield>
    <subfield code="p">10-B-5727</subfield>
    <subfield code="r">2019-12-26</subfield>
    <subfield code="s">2019-09-06</subfield>
    <subfield code="y">02</subfield>
  </datafield>
  <datafield tag="952" ind1=" " ind2=" ">
    <subfield code="0">0</subfield>
    <subfield code="1">0</subfield>
    <subfield code="2">ddc</subfield>
    <subfield code="4">0</subfield>
    <subfield code="7">0</subfield>
    <subfield code="a">10</subfield>
    <subfield code="b">10</subfield>
    <subfield code="d">2018-03-06</subfield>
    <subfield code="l">3</subfield>
    <subfield code="p">10-B-5728</subfield>
    <subfield code="r">2024-02-21</subfield>
    <subfield code="s">2023-09-28</subfield>
    <subfield code="y">02</subfield>
  </datafield>
  <datafield tag="952" ind1=" " ind2=" ">
    <subfield code="0">0</subfield>
    <subfield code="1">0</subfield>
    <subfield code="2">ddc</subfield>
    <subfield code="4">0</subfield>
    <subfield code="7">0</subfield>
    <subfield code="a">10</subfield>
    <subfield code="b">10</subfield>
    <subfield code="d">2018-03-06</subfield>
    <subfield code="l">3</subfield>
    <subfield code="p">10-B-5729</subfield>
    <subfield code="q">2022-03-15</subfield>
    <subfield code="r">2022-02-21</subfield>
    <subfield code="s">2022-02-21</subfield>
    <subfield code="y">02</subfield>
  </datafield>
</record>
